000
00317nam a22001217a 4500
008
160613b xxu||||| |||| 00| 0 eng d
020
_a
9780803958005
020
_a
0803958005
041
_a
eng
080
_a
618.2
245
_a
Advanced design in nursing research:
_c
Pamela J. Brink; Marilynn J.Wood;
942
_2
udc
_c
BK
999
_c
2456
_d
2456